000 00215nam a22000857a 4500
008 161124b xxu||||| |||| 00| 0 eng d
100 _91412
_aCBSE
245 _aAPC Digest English core-XII
260 _aNew Delhi
_bArya
_c2013
999 _c4129
_d4129